000 00763nam a2200265Ia 4500
001 Para_4014
003 CHAP
008 220125s1929 xx 000 0 und d
010 _a202497
040 _cCHAP
090 _aPA FOLLETO 1410
100 _aSafro, V. I
_9101166
245 _aCommunity shade tree spraying for protection from the japanese beetle /
_c V. I. Safro
260 _aTrenton, New Jersey :
_b Department of Agriculture
300 _a33 p.
440 _aNew Jersey. Dept. Agr. Circular; 156
_9167734
650 _aPopillia japonica
_990890
901 _aPA FOLLETO 1410
902 _aA
905 _a0000001929 TRE 0000000000 00
910 _a1929
942 _cPARA
942 _cPARA
_d1
999 _c202497
_d202497